Enhancing adolescents’ motivation for science: research-based strategies for teaching male and female students
Kaydedildi:
| Yazar: | |
|---|---|
| Materyal Türü: | Kitap |
| Dil: | İngilizce |
| Baskı/Yayın Bilgisi: |
CORWIN Press,
2014.
|
| Etiketler: |
Etiketle
Etiket eklenmemiş, İlk siz ekleyin!
|
MARC
| LEADER | 00000nam a22000007a 4500 | ||
|---|---|---|---|
| 008 | 210126b ||||| |||| 00| 0 eng d | ||
| 020 | |a 978-1-4522-6969-6 | ||
| 100 | |a SHUMOW, Lee. | ||
| 245 | |a Enhancing adolescents’ motivation for science: |b research-based strategies for teaching male and female students |c Lee Shumow, Jennifer A. Schmid |e (Classroom insights from educational psychology) |g xxvii, 170p.; ill. | ||
| 260 | |b CORWIN Press, |c 2014. |h Thousand Oaks, California |i 692511 – Sci |i 692512 |l Q181 .Sh9 | ||
| 500 | |a “It includes references and index”. | ||
| 942 | |a lcc |c BK |e j o ifatola |f 26/1/2021 | ||
| 952 | |0 0 |1 0 |2 lcc |4 0 |6 Q0181 S H9 |7 0 |9 1945 |a HOL |b HOL |c QZ |d 2021-01-26 |l 0 |o Q181 .Sh9 |p 2021-5808 |r 2021-01-26 00:00:00 |w 2021-01-26 |y BK | ||
| 952 | |0 0 |1 0 |2 lcc |4 0 |6 Q0181 S H9 |7 0 |9 1947 |a HOL |b HOL |c QZ |d 2021-01-26 |l 0 |o Q181 .Sh9 |p 2021-5810 |r 2021-01-26 00:00:00 |w 2021-01-26 |y BK | ||
| 999 | |c 1021 |d 1021 | ||